Chelsea Trivia - Statistics

General Stats
  • This quiz has been taken 8,739 times
    188 since last reset
  • The average score is 12 of 17
Answer Stats
Question Answer % Correct
What is Chelsea's nickname? The {Blues}
98%
What is the name of Chelsea's stadium? Stamford Bridge
97%
Which Englishman is Chelsea's record goalscorer with 211? Frank Lampard
87%
Which Englishman captained Chelsea from 2004 until 2017? John Terry
84%
Who scored the winning penalty as Chelsea defeated Bayern Munich in the 2012 Champions League final? Didier Drogba
82%
Who is Chelsea's record signing, arriving from Brighton & Hove Albion for £115m in 2023? Moisés Caicedo
82%
Which Chelsea goalkeeper holds the record for most Premier League clean sheets, with 202? Petr Čech
80%
Who is Chelsea's record sale, joining Real Madrid for £89m in 2019? Eden Hazard
79%
Who is the current captain of Chelsea? Reece James
79%
With which three clubs do Chelsea contest the West London Derbies? Fulham
74%
Which manager guided Chelsea to three Premier League titles? José Mourinho
74%
Who is the current caretaker head coach of Chelsea? Calum McFarlane
58%
With which three clubs do Chelsea contest the West London Derbies? Brentford
57%
Who was the first Chelsea player to win the Premier League Golden Boot? Jimmy Floyd Hasselbaink
49%
With which three clubs do Chelsea contest the West London Derbies? Queens Park Rangers
47%
Whose previous record of 202 did the above player surpass? Bobby Tambling
19%
Which Englishman is Chelsea's record appearance-maker with 795? Ron Harris
18%
No matching quizzes found
Score Distribution
Percent of People with Each Score
Percentile by Number Answered
Your Score History
You have not taken this quiz since the last reset